| 000 | 00560nam a22001937a 4500 | ||
|---|---|---|---|
| 999 |
_c8206 _d8206 |
||
| 003 | AR-CdUCM | ||
| 008 | 190322b ||||| |||| 00| 0 spa d | ||
| 040 |
_aMUNICIPALIDAD PROVINCIAL DEL CUSCO _cBIBLIOTECA MUNICIPAL DEL CUSCO |
||
| 082 |
_a869.56 / _bP78 |
||
| 100 |
_aPortal, Magda _92802 |
||
| 245 | _aCosta sur / | ||
| 260 |
_aSantiago de Chile : _bImprenta Nueva, _c1945. |
||
| 300 |
_a130 páginas ; _c19 cm. |
||
| 500 | _aDonación familia Nieto. | ||
| 650 |
_aPoesías peruanas _91481 |
||
| 650 |
_aSiglo XX _98 |
||
| 942 |
_2ddc _cLIBROS |
||
| 945 | _azta | ||